000 00519nam a2200145 a 4500
008 120416s1964 ||||||||||||||||| || u
050 _aHM 101 Are
100 _aArensberg, Conrad Maynadier
245 1 0 _aIntroducing social change
246 _aa manual for Americans overseas
260 _aChicago
_bAldine Publishing
_c1964
300 _avii, 229p.
350 _a0.00
995 _D0.00
_FCBU-MAIN LIBRARY (Kitwe)
_H1
_I12.50
_M1
_UDAMAGED
_ZMain Library Open Access Collection
999 _c47575
_d47575